[Event "Ruhrgebiet Verbandsliga Gruppe 1 1718"]
[Site "Germany"]
[Date "2017.10.08"]
[Round "2.2"]
[White "Stratmann, Holger"]
[Black "Reinoehl, Christian"]
[Result "1-0"]
[WhiteElo "1997"]
[BlackElo "2088"]
[PlyCount "45"]
[EventDate "2017.09.17"]
[EventType "team-tourn"]
[EventRounds "9"]
[EventCountry "GER"]
[SourceTitle "EXT 2022"]
[Source "ChessBase"]
[SourceDate "2021.10.06"]
[SourceVersion "1"]
[SourceVersionDate "2021.10.06"]
[SourceQuality "1"]
[WhiteTeam "Essen Katernberg III"]
[BlackTeam "Annen Sport Union"]
[WhiteTeamCountry "GER"]
[BlackTeamCountry "GER"]

1. e4 e5 2. Nf3 Nc6 3. Bb5 a6 4. Bxc6 dxc6 5. 0-0 Qd6 6. Na3 b5 7. c3 c5 8. Nc2 Ne7 9. a4 b4 10. d4 cxd4 11. cxd4 exd4 12. e5 Qg6 13. Ncxd4 Bb7 14. Qe2 Nf5 15. e6 Nxd4 16. exf7+ Kd7 17. Rd1 Bxf3 18. Rxd4+ Bd6 19. Qxf3 Rhf8 20. Bf4 Qxf7 21. Bxd6 cxd6 22. Qb7+ Ke6 23. Re1+ 1-0

[Event "Ruhrgebiet Verbandsliga Gruppe 1 1718"]
[Site "Germany"]
[Date "2017.09.17"]
[Round "1.2"]
[White "Stratmann, Holger"]
[Black "Ter Steeg, Marcus"]
[Result "1/2-1/2"]
[WhiteElo "1997"]
[BlackElo "2061"]
[PlyCount "27"]
[EventDate "2017.09.17"]
[EventType "team-tourn"]
[EventRounds "9"]
[EventCountry "GER"]
[SourceTitle "EXT 2022"]
[Source "ChessBase"]
[SourceDate "2021.10.06"]
[SourceVersion "1"]
[SourceVersionDate "2021.10.06"]
[SourceQuality "1"]
[WhiteTeam "Essen Katernberg III"]
[BlackTeam "Essen Werden"]
[WhiteTeamCountry "GER"]
[BlackTeamCountry "GER"]

1. e4 d6 2. d4 Nf6 3. Nc3 g6 4. f4 Bg7 5. Nf3 c5 6. e5 Ng4 7. Bb5+ Bd7 8. e6 Bxb5 9. exf7+ Kf8 10. Nxb5 Qa5+ 11. Nc3 cxd4 12. Nxd4 Kxf7 13. Ndb5 Nf6 14. 0-0 1/2-1/2

[Event "Dortmund Sparkassen op-B"]
[Site "Dortmund"]
[Date "2015.06.27"]
[Round "1"]
[White "Stratmann, Holger"]
[Black "Potyrala, Lukasz Rafal"]
[Result "1-0"]
[WhiteElo "1985"]
[BlackElo "1690"]
[PlyCount "63"]
[EventDate "2015.06.27"]
[EventType "swiss"]
[EventRounds "9"]
[EventCountry "GER"]
[SourceTitle "CBM 167 Extra"]
[Source "ChessBase"]
[SourceDate "2015.09.14"]
[SourceVersion "1"]
[SourceVersionDate "2015.09.14"]
[SourceQuality "1"]

1. e4 e6 2. d4 d5 3. Nc3 Nf6 4. Bg5 Be7 5. e5 Nfd7 6. h4 h6 7. Bxe7 Qxe7 8. Qd2 a6 9. f4 f5 10. exf6 Nxf6 11. Nf3 Nc6 12. Bd3 Qf7 13. 0-0-0 Bd7 14. Ne5 Nxe5 15. fxe5 Nh7 16. Rdf1 Qg8 17. Bg6+ Kd8 18. Bf7 Qf8 19. Bxe6 Qe7 20. Bxd5 Be6 21. Bxb7 Rb8 22. Bd5 Kd7 23. Bxe6+ Qxe6 24. d5 Qxe5 25. Rf7+ Kc8 26. Re1 Qd6 27. Ree7 Rb7 28. Ne4 Qb6 29. b3 Nf6 30. Nxf6 gxf6 31. d6 Rg8 32. d7+ 1-0

[Event "NRW Class2 1415"]
[Site "Germany"]
[Date "2015.03.22"]
[Round "8.8"]
[White "Stratmann, Holger"]
[Black "Van Oosterom, Chiel"]
[Result "0-1"]
[WhiteElo "1974"]
[BlackElo "2414"]
[PlyCount "56"]
[EventDate "2014.09.14"]
[EventType "team-tourn"]
[EventRounds "9"]
[EventCountry "GER"]
[SourceTitle "EXT 2017"]
[Source "ChessBase"]
[SourceDate "2016.10.25"]
[SourceVersion "1"]
[SourceVersionDate "2016.10.25"]
[SourceQuality "1"]
[WhiteTeam "Katernberg II"]
[BlackTeam "Aachen Aufwaerts II"]
[WhiteTeamCountry "GER"]
[BlackTeamCountry "GER"]

1. e4 c5 2. Nf3 d6 3. Bb5+ Bd7 4. Bxd7+ Qxd7 5. 0-0 Nc6 6. d4 cxd4 7. Nxd4 Nf6 8. Nc3 g6 9. f3 Bg7 10. Be3 0-0 11. Qd2 Rfc8 12. Nxc6 Qxc6 13. Bd4 b5 14. Rf2 Qb7 15. Re1 Rc4 16. Ne2 Rac8 17. c3 a5 18. Qd3 e5 19. Be3 d5 20. exd5 Nxd5 21. Bc1 Rd8 22. Rd1 Rc7 23. Rff1 Rcd7 24. Qc2 Qc6 25. Qb3 a4 26. Qc2 Nb4 27. Rxd7 Qb6+ 28. Be3 Qxe3+ 0-1

[Event "Ruhrgebiet Verbandsliga1 1112"]
[Site "Nordrheinwestfalen"]
[Date "2012.02.12"]
[Round "6.4"]
[White "Stratmann, Holger"]
[Black "Wolf, Ulrich Martin"]
[Result "1/2-1/2"]
[WhiteElo "1973"]
[BlackElo "2134"]
[PlyCount "42"]
[EventDate "2012.09.18"]
[EventType "team-tourn"]
[EventRounds "9"]
[EventCountry "GER"]
[SourceTitle "EXT 2020"]
[Source "ChessBase"]
[SourceDate "2019.10.17"]
[SourceVersion "1"]
[SourceVersionDate "2019.10.17"]
[SourceQuality "1"]
[WhiteTeam "Katernberg SF III"]
[BlackTeam "Dortmund Hansa III"]
[WhiteTeamCountry "GER"]
[BlackTeamCountry "GER"]

1. e4 c5 2. Nf3 Nc6 3. Nc3 e5 4. Bc4 Be7 5. d3 Nf6 6. Bg5 0-0 7. Bxf6 Bxf6 8. a4 d6 9. Nd5 Bg5 10. h3 Kh8 11. g4 Bh6 12. Rg1 Nd4 13. c3 Nxf3+ 14. Qxf3 Rb8 15. Qg3 Bg5 16. Rh1 Bh4 17. Qf3 a6 18. a5 Be6 19. Ne3 b5 20. Bd5 g6 21. b3 Qe7 1/2-1/2

[Event "Ruhrgebiet Verbandsliga1 1112"]
[Site "Nordrheinwestfalen"]
[Date "2012.01.08"]
[Round "5.5"]
[White "Boost, Juergen"]
[Black "Stratmann, Holger"]
[Result "1/2-1/2"]
[WhiteElo "1851"]
[BlackElo "1973"]
[PlyCount "41"]
[EventDate "2012.09.18"]
[EventType "team-tourn"]
[EventRounds "9"]
[EventCountry "GER"]
[SourceTitle "EXT 2020"]
[Source "ChessBase"]
[SourceDate "2019.10.17"]
[SourceVersion "1"]
[SourceVersionDate "2019.10.17"]
[SourceQuality "1"]
[WhiteTeam "Gerthe Werne"]
[BlackTeam "Katernberg SF III"]
[WhiteTeamCountry "GER"]
[BlackTeamCountry "GER"]

1. e4 e6 2. d4 d5 3. Nc3 Bb4 4. e5 c5 5. a3 Bxc3+ 6. bxc3 Ne7 7. Qg4 0-0 8. Bd3 Nbc6 9. Nf3 f5 10. Qh5 Qb6 11. dxc5 Qxc5 12. Bd2 d4 13. cxd4 Nxd4 14. 0-0 Nxf3+ 15. Qxf3 Qxe5 16. Bb4 Qf6 17. Bc4 Kh8 18. Rfe1 e5 19. Qc3 a5 20. Bxe7 Qxe7 21. Qxe5 1/2-1/2

[Event "Ruhrgebiet Verbandsliga1 1011"]
[Site "Nordrheinwestfalen"]
[Date "2010.12.05"]
[Round "4.4"]
[White "Stratmann, Holger"]
[Black "Kreul, Helmut"]
[Result "1-0"]
[WhiteElo "1993"]
[BlackElo "1924"]
[PlyCount "53"]
[EventDate "2011.09.12"]
[EventType "team-tourn"]
[EventRounds "9"]
[EventCountry "GER"]
[SourceTitle "EXT 2020"]
[Source "ChessBase"]
[SourceDate "2019.10.17"]
[SourceVersion "1"]
[SourceVersionDate "2019.10.17"]
[SourceQuality "1"]
[WhiteTeam "Katernberg SF III"]
[BlackTeam "Bottrop SV"]
[WhiteTeamCountry "GER"]
[BlackTeamCountry "GER"]

1. e4 c5 2. Nf3 d6 3. d4 cxd4 4. Nxd4 Nf6 5. Nc3 g6 6. Be3 a6 7. f3 Qc7 8. Qd2 e5 9. Nb3 Be6 10. 0-0-0 Nbd7 11. Kb1 Rc8 12. Bg5 h6 13. Be3 Nb6 14. g4 Nc4 15. Bxc4 Bxc4 16. Rc1 b5 17. Rhe1 h5 18. g5 Nd7 19. Nd5 Bxd5 20. Qxd5 Nb6 21. Bxb6 Qxb6 22. f4 Qc7 23. f5 gxf5 24. exf5 Qc4 25. Rxe5+ Be7 26. Qxd6 Qc7 27. Qxc7 1-0

[Event "Ruhrgebiet Verbandsliga1 1011"]
[Site "Nordrheinwestfalen"]
[Date "2010.09.12"]
[Round "1.4"]
[White "Stratmann, Holger"]
[Black "Achenbach, Manfred"]
[Result "0-1"]
[WhiteElo "1993"]
[BlackElo "2085"]
[PlyCount "80"]
[EventDate "2011.09.12"]
[EventType "team-tourn"]
[EventRounds "9"]
[EventCountry "GER"]
[SourceTitle "EXT 2020"]
[Source "ChessBase"]
[SourceDate "2019.10.17"]
[SourceVersion "1"]
[SourceVersionDate "2019.10.17"]
[SourceQuality "1"]
[WhiteTeam "Katernberg SF III"]
[BlackTeam "Muelheim SC"]
[WhiteTeamCountry "GER"]
[BlackTeamCountry "GER"]

1. e4 c5 2. Nf3 d6 3. d4 cxd4 4. Nxd4 a6 5. Bc4 e6 6. Nc3 Nf6 7. Bb3 Be7 8. Qf3 Nc6 9. Be3 Bd7 10. Qg3 b5 11. a3 Rc8 12. 0-0 0-0 13. f4 Na5 14. e5 Ne8 15. Ne4 d5 16. Nc3 Nxb3 17. cxb3 f5 18. b4 g6 19. Qf3 Ng7 20. Rad1 Bc6 21. Qf2 Ba8 22. Nb3 Rc4 23. Bc5 g5 24. fxg5 Bxc5 25. Nxc5 Qxg5 26. Rd4 f4 27. Nd7 Rf5 28. Nb6 Rxd4 29. Qxd4 f3 30. g3 Bc6 31. Qc5 Be8 32. Rf2 Qc1+ 33. Rf1 Qxb2 34. Rf2 Qc1+ 35. Rf1 Qd2 36. Rf2 Qe1+ 37. Rf1 Qxe5 38. Nd1 Qe2 39. Nf2 h5 40. Qe7 d4 0-1

[Event "Oberliga NRW 0910"]
[Site "Germany"]
[Date "2009.10.25"]
[Round "2.8"]
[White "Stratmann, Holger"]
[Black "Winkels, Marcel"]
[Result "1-0"]
[WhiteElo "1891"]
[BlackElo "2112"]
[PlyCount "80"]
[EventDate "2009.09.20"]
[EventType "team-tourn"]
[EventRounds "9"]
[EventCountry "GER"]
[SourceTitle "EXT 2011"]
[Source "ChessBase"]
[SourceDate "2010.11.26"]
[SourceVersion "1"]
[SourceVersionDate "2010.11.26"]
[SourceQuality "1"]
[WhiteTeam "Katernberg II"]
[BlackTeam "Muelheim Nord II"]
[WhiteTeamCountry "GER"]
[BlackTeamCountry "GER"]

1. e4 c5 2. Nf3 Nc6 3. d4 cxd4 4. Nxd4 Nf6 5. Nc3 e5 6. Ndb5 d6 7. Bg5 a6 8. Na3 b5 9. Nd5 Be7 10. Bxf6 Bxf6 11. c3 0-0 12. Nc2 Bg5 13. a4 bxa4 14. Rxa4 a5 15. Bc4 Rb8 16. b3 Kh8 17. h4 Bh6 18. Nce3 Bd7 19. Ra2 g6 20. h5 Kg7 21. Ng4 Bg5 22. hxg6 hxg6 23. Qf3 Be6 24. Ndf6 Rh8 25. Rxh8 Qxh8 26. Nd5 Qh1+ 27. Ke2 Qb1 28. Ra4 Qc2+ 29. Kf1 Rh8 30. g3 Qc1+ 31. Ke2 Rh1 32. Nge3 Bxe3 33. Nxe3 Re1+ 34. Kd3 Qb1+ 35. Kd2 Bxc4 36. Rxc4 Qc1+ 37. Kd3 Qb1+ 38. Kd2 Qc1+ 39. Kd3 Qb1+ 40. Kd2 Qc1+ 1-0

[Event "Oberliga NRW 0708"]
[Site "Germany"]
[Date "2007.10.14"]
[Round "2.8"]
[White "Stratmann, Holger"]
[Black "Okhotnik, Vladimir"]
[Result "0-1"]
[WhiteElo "1874"]
[BlackElo "2433"]
[PlyCount "96"]
[EventDate "2007.09.16"]
[EventType "team-tourn"]
[EventRounds "9"]
[EventCountry "GER"]
[SourceTitle "EXT 2009"]
[Source "ChessBase"]
[SourceDate "2008.11.26"]
[SourceVersion "1"]
[SourceVersionDate "2008.11.26"]
[SourceQuality "1"]
[WhiteTeam "Katernberg II"]
[BlackTeam "Betzdorf Kirchen"]
[WhiteTeamCountry "GER"]
[BlackTeamCountry "GER"]

1. d4 c5 2. Nf3 cxd4 3. Nxd4 d5 4. g3 e5 5. Nb3 h6 6. Bg2 Nf6 7. Nc3 d4 8. Ne4 Nxe4 9. Bxe4 a5 10. a4 Nc6 11. e3 Bb4+ 12. Kf1 0-0 13. Qh5 f5 14. Bxc6 bxc6 15. exd4 c5 16. h4 Qd5 17. Rh2 cxd4 18. Bxh6 Qc4+ 19. Kg1 Ra6 20. Bg5 Qxc2 21. Qd1 Qxd1+ 22. Rxd1 Bd7 23. Ra1 Rc8 24. f3 Be6 25. Nd2 Bxd2 26. Rxd2 Rd6 27. Re1 Rd5 28. Rde2 Rcc5 29. Be7 d3 30. Bxc5 dxe2 31. Bb6 Rd2 32. Bxa5 Rxb2 33. Bc3 Ra2 34. Bxe5 Bb3 35. Kf2 Bd1 36. f4 g6 37. Bc3 Rxa4 38. Bd2 Kg7 39. Bc3+ Kh6 40. Bd2 Kh5 41. Rg1 Ra3 42. Bb4 Rf3+ 43. Ke1 Kg4 44. Bc5 Rc3 45. Bb6 Kf3 46. Kd2 Rc6 47. Ba7 Rd6+ 48. Kc1 Ba4 0-1